000 00463nam a2200181Ia 4500
001 13618
005 20260306164814.0
008 260306t1996||||xx |||||||||||||| ||spa||
041 _aESP
082 _a005.1
_bJ79
100 _aJoyanes Aguilar, Luis
_eAUT
245 0 _aFundamentos de programación:
_balgoritmos y estructuras de datos
260 _c1996
300 _a714 pƔginas :
_c23 cm.
650 _aGEN
654 _aCCC
942 _cLIB
_dJUS
_fJUS
_2ddc
_n
999 _c13618
_d13618